PSIP: program and system information protocol; naming, numbering and navigation for digital television (Record no. 8392)
[ view plain ]
| 000 -LEADER | |
|---|---|
| fixed length control field | 01037 a2200217 4500 |
| 020 ## - INTERNATIONAL STANDARD BOOK NUMBER | |
| International Standard Book Number | 0071389997 |
| 040 ## - CATALOGING SOURCE | |
| Original cataloging agency | DLC |
| Language of cataloging | DLC |
| 082 00 - DEWEY DECIMAL CLASSIFICATION NUMBER | |
| Classification number | 621.388 |
| 100 1# - MAIN ENTRY--PERSONAL NAME | |
| Personal name | Eyer, Mark K. |
| 245 10 - TITLE STATEMENT | |
| Title | PSIP: program and system information protocol; naming, numbering and navigation for digital television |
| Remainder of title | program and system information protocol; naming, numbering and navigation for digital television |
| Statement of responsibility, etc. | Mark K. Eyer ; Jerry C. Whitaker, editor. |
| 246 30 - VARYING FORM OF TITLE | |
| Title proper/short title | Program and system information protocol. |
| 260 ## - PUBLICATION, DISTRIBUTION, ETC. | |
| Place of publication, distribution, etc. | New York : |
| Name of publisher, distributor, etc. | NcGraw-Hill, |
| Date of publication, distribution, etc. | c2003. |
| 300 ## - PHYSICAL DESCRIPTION | |
| Extent | xvii, 451 p. : |
| Other physical details | ill. ; |
| Dimensions | 25 cm. |
| 440 #0 - SERIES STATEMENT/ADDED ENTRY--TITLE | |
| Title | McGraw-Hill video/audio professional |
| 650 #0 - SUBJECT ADDED ENTRY--TOPICAL TERM | |
| Topical term or geographic name entry element | Digital television |
| General subdivision | Standards. |
| 700 1# - ADDED ENTRY--PERSONAL NAME | |
| Personal name | Whitaker, Jerry C. |
| 856 42 - ELECTRONIC LOCATION AND ACCESS | |
| Materials specified | Contributor biographical information |
| Uniform Resource Identifier | <a href="http://www.loc.gov/catdir/bios/mh041/2003266205.html">http://www.loc.gov/catdir/bios/mh041/2003266205.html</a> |
| 856 42 - ELECTRONIC LOCATION AND ACCESS | |
| Materials specified | Publisher description |
| Uniform Resource Identifier | <a href="http://www.loc.gov/catdir/description/mh031/2003266205.html">http://www.loc.gov/catdir/description/mh031/2003266205.html</a> |
| 856 42 - ELECTRONIC LOCATION AND ACCESS | |
| Materials specified | Table of contents |
| Uniform Resource Identifier | <a href="http://www.loc.gov/catdir/toc/mh031/2003266205.html">http://www.loc.gov/catdir/toc/mh031/2003266205.html</a> |
| 942 ## - ADDED ENTRY ELEMENTS (KOHA) | |
| Koha item type | Book |
| Call number prefix | 621.388 EYE |
| Source of classification or shelving scheme | |
| Withdrawn status | Lost status | Damaged status | Not for loan | Collection code | Permanent Location | Current Location | Shelving location | Date acquired | Source of acquisition | Cost, normal purchase price | Total Checkouts | Full call number | Barcode | Date last seen | Price effective from | Koha item type |
|---|---|---|---|---|---|---|---|---|---|---|---|---|---|---|---|---|
| Central Library (CL) | Central Library (CL) | General Stacks | 07/09/2005 | Donation | 0.00 | 621.388 EYE | SEECS005984 | 11/14/2012 | 01/05/2017 | Book | ||||||
| Central Library (CL) | Central Library (CL) | General Stacks | 07/09/2005 | Donation | 0.00 | 621.388 EYE | SEECS005983 | 11/14/2012 | 01/05/2017 | Book | ||||||
| Central Library (CL) | Central Library (CL) | General Stacks | 07/09/2005 | Donation | 0.00 | 621.388 EYE | SEECS005982 | 11/14/2012 | 01/05/2017 | Book | ||||||
| Central Library (CL) | Central Library (CL) | General Stacks | 07/09/2005 | Donation | 0.00 | 621.388 EYE | SEECS005981 | 11/14/2012 | 01/05/2017 | Book |
